|
|
|
|
| LEADER |
00623nam a2200193 i 4500 |
| 001 |
misc57790 |
| 005 |
20210518181219.0 |
| 008 |
210518s1919 hu o 0|| hun d |
| 040 |
|
|
|a SZTE Miscellanea Repozitórium
|b hun
|
| 041 |
|
|
|a hun
|
| 100 |
1 |
|
|a Juhász Gyula
|
| 245 |
1 |
3 |
|a Ez az én vérem
|h [elektronikus dokumentum] :
|b versek /
|c Juhász Gyula
|
| 260 |
|
|
|c 1919
|
| 300 |
|
|
|a 55 p.
|c 19 cm
|
| 650 |
|
4 |
|a Bölcsészettudományok
|
| 650 |
|
4 |
|a Nyelvek és irodalom
|
| 650 |
|
4 |
|a Általános irodalomtudományok
|
| 695 |
|
|
|a Magyar irodalom - vers
|
| 856 |
4 |
0 |
|u http://misc.bibl.u-szeged.hu/57790/1/xa_59837.pdf
|z Dokumentum-elérés
|